000 00442pab a2200157 454500
008 180718b2011 xxu||||| |||| 00| 0 eng d
100 _aChipulu, Maxwell et al
245 _aAn analysis of interrelationships between project management and student-experience constructs
260 _c2011
300 _ap.91-101.
362 _aApr
650 _aProject management
773 _aProject Management Journal
908 _aN
909 _a92354
999 _c92354
_d92354